00285nam a2200109Ia 4500008004100000041000800041082002200049100001500071245004700086260003200133300001000165230411s9999 xx 000 0 und d aeng aEN/423/SOH/B00405 aSohoni S V aNew Approach Dictionary of Living English. bNitin PrakashanaPunec2000 a1143p